000 00954nam a2200241Ia 4500
003 Ost
005 20260507075551.0
008 260507s9999||||xx |||||||||||||| ||und||
020 _a9961009711
040 _cfsecg
041 _aara
082 _a346.092
100 _aحجري، فؤاد
_eمؤلف
245 0 _aقانون الإستثمارات /
_c فؤاد حجري
260 _aالجزائر :
_bديوان المطبوعات الجامعية,
_c2006
300 _a600 صفحة؛
_bإيضاحات ؛
_c24 سم
490 _aسلسلة القوانين الإدارية
520 _aيعتبر هذا الكتاب جزء من سلسلة القوانين الإدارية يضم مجموعة من القوانين والتشريعات الخاصة بالإستثمار
653 _aالإستثمار
653 _aالإستثمار- قوانين وتشريعات
653 _aالقانون الإداري
942 _cكتاب
999 _c44915
_d44915